Vista normal Vista MARC

Entrada Uniform Title

Número de registros utilizados en: 1

001 - CONTROL NUMBER

  • control field: 40817

003 - CONTROL NUMBER IDENTIFIER

  • control field: OSt

005 - DATE AND TIME OF LATEST TRANSACTION

  • control field: 20230915232148.0

008 - FIXED-LENGTH DATA ELEMENTS

  • fixed length control field: 230915|| aca||aabn | a|a d

040 ## - CATALOGING SOURCE

  • Original cataloging agency: OSt
  • Transcribing agency: OSt

130 ## - HEADING--UNIFORM TITLE

  • Uniform title: Microsoft Excel (Programa para computador) - Guías

670 ## - SOURCE DATA FOUND

  • Source citation: Work cat.: (OSt)33360: Meza Orozco, Jhonny de Jesús 40816, Matemáticas financieras aplicadas uso de las calculadoras financieras y excel Jhonny de Jesús Meza Orozco









Instituto Departamental de Cultura del Meta - Red Departamental de Bibliotecas Públicas del Meta.